000
00340nam a2200157Ia 4500
100
_a
Shah/Sharanam/ Shah/Vaishali
650
_a
Java
942
_c
BK
366
_f
20
245
_a
Java EE project using EJB 3
260
_b
Shroff Publ.
_c
2009
082
_a
5.133
_b
SHA
300
_a
1129
546
_a
ENGLISH
_c
Computers
999
_c
31009
_d
31009